| 000 | 01075nam a2200289Ia 4500 | ||
|---|---|---|---|
| 001 | ebr10091850 | ||
| 003 | CaPaEBR | ||
| 006 | m u | ||
| 007 | cr cn||||||||| | ||
| 008 | 040113s2005 nyua s 000 0 eng d | ||
| 010 | _z 04000655 | ||
| 020 | _z0195183142 | ||
| 020 | _z0195152344 (alk. paper) | ||
| 040 |
_aCaPaEBR _cCaPaEBR |
||
| 035 | _a(OCoLC)62323461 | ||
| 050 | 1 | 4 |
_aQH585.5.F56 _bS55 2005eb |
| 245 | 0 | 0 |
_aFlow cytometry for biotechnology _h[electronic resource] / _cedited by Larry A. Sklar. |
| 260 |
_aNew York : _bOxford University Press, _c2005. |
||
| 300 |
_axii, 388 p. : _bill. |
||
| 533 |
_aElectronic reproduction. _bPalo Alto, Calif. : _cebrary, _d2009. _nAvailable via World Wide Web. _nAccess may be limited to ebrary affiliated libraries. |
||
| 650 | 0 | _aFlow cytometry. | |
| 650 | 0 | _aBiotechnology. | |
| 655 | 7 |
_aElectronic books. _2local |
|
| 700 | 1 | _aSklar, Larry A. | |
| 710 | 2 | _aebrary, Inc. | |
| 856 | 4 | 0 |
_uhttp://site.ebrary.com/lib/rucke/Doc?id=10091850 _zAn electronic book accessible through the World Wide Web; click to view |
| 999 |
_c71149 _d71149 |
||